000 00934nam0a22002411 4500
001 rc\604575
005 20260406082955.0
035 _a(NLR Aleph) 005848745
090 _a5756145
_c5756145
100 _a20031121d1986 |||y0rusy50 ca
101 0 _arus
102 _aRU
105 _aa |||||||||
200 1 _aГеохимия речных долин
_e(Науч. и прикл. аспекты исслед.)
_fАН БССР, Ин-т геохимии и геофизики
210 _aМинск
_cНаука и техника
_d1986
215 _a302, [1] с.
_cил.
_d22
320 _aБиблиогр.: с. 283-301
700 1 _7ca
_8rus
_aКузнецов
_bВ. А.
_cд-р геол.-минерал. наук, геохимия
_f1931-2008
_gВладилен Александрович
_3RU\NLR\AUTH\770277701
_92649668
801 0 _aRU
_bNLR
_gpsbo
801 1 _aRU
_bELAR
_2rusmarc
852 _aNLR
_j86-5/4030
942 _cBOOK
980 _aNB